|
|
|
|
| LEADER |
01009nam a2200241 4500 |
| 001 |
c000134817 |
| 003 |
CARM |
| 005 |
00000000000000.0 |
| 008 |
690818s1969 ilu b 00010 eng |
| 019 |
1 |
|
|a 31748
|5 LACONCORD2021
|
| 035 |
|
|
|a (OCoLC)11856
|5 LACONCORD2021
|
| 050 |
0 |
0 |
|a HD8008
|b .W6
|
| 100 |
1 |
|
|a Woodworth, Robert T.,
|e comp.
|
| 245 |
1 |
0 |
|a Collective negotiation for public and professional employees;
|c text and readings [by] Robert T. Woodworth [and] Richard B. Peterson.
|
| 260 |
|
|
|a [Glenview, Ill.]
|b Scott, Foresman
|c [1969]
|
| 300 |
|
|
|a ix, 462 p.
|c 23 cm.
|
| 504 |
|
|
|a Bibliographical footnotes.
|
| 650 |
|
0 |
|a Collective labor agreements
|x Government employees
|z United States.
|
| 700 |
1 |
|
|a Peterson, Richard B.,
|d 1933-
|e joint comp.
|
| 852 |
8 |
|
|b CARM
|h A2:AF32B0
|i B01512
|p 0069395
|f BK
|
| 082 |
0 |
4 |
|a 331.1/16
|
| 999 |
f |
f |
|i cf0e9445-b929-528d-ba2d-89187e0894d1
|s 2dad8c89-c22c-5f65-b61a-370570dc481c
|
| 952 |
f |
f |
|p Can circulate
|a CAVAL
|b CAVAL
|c CAVAL
|d CARM 1 Store
|e B01512
|f A2:AF32B0
|h Other scheme
|i book
|m 0069395
|